000
00313 a2200109 4500
001
ART_12779
005
20260410161733.0
008
260409a
245
1
0
_a
Una dramatica encrucijada
100
1
_a
Terragno, Rodolfo
773
0
_t
Ejecutivos de finanzas
_g
- Año 7, Nº 56 (jun. 1989)
_w
REV2863
999
_c
18029
_d
18029